[Event "Vojvodina-chT 21st"]
[Site "Backa Palanka"]
[Date "2021.10.29"]
[Round "10.5"]
[White "Kovacevic, Dragisa"]
[Black "Sljukic, Miodrag"]
[Result "1-0"]
[WhiteElo "2201"]
[BlackElo "2174"]
[PlyCount "37"]
[EventDate "2021.10.23"]
[EventType "team-tourn"]
[EventRounds "11"]
[EventCountry "SRB"]
[SourceTitle "CBM 204 Extra"]
[Source "ChessBase"]
[SourceDate "2021.11.30"]
[SourceVersion "1"]
[SourceVersionDate "2021.11.30"]
[SourceQuality "1"]
[WhiteTeam "Jazak Car Uros"]
[BlackTeam "Rastina Polet"]
[WhiteTeamCountry "SRB"]
[BlackTeamCountry "SRB"]

1. e4 c6 2. Nf3 d5 3. exd5 cxd5 4. Ne5 Nf6 5. d4 e6 6. c3 Be7 7. Bd3 0-0 8. 0-0 Nc6 9. f4 Ne4 10. Nd2 f5 11. Ndf3 Qb6 12. Qe2 a6 13. Be3 Qd8 14. Kh1 Bd7 15. Rg1 g6 16. g4 Kh8 17. Qg2 Bf6 18. gxf5 gxf5 19. Qg8+ 1-0

[Event "Vojvodina-chT 21st"]
[Site "Backa Palanka"]
[Date "2021.10.28"]
[Round "9.6"]
[White "Tepic, Boris"]
[Black "Sljukic, Miodrag"]
[Result "0-1"]
[WhiteElo "2160"]
[BlackElo "2174"]
[PlyCount "92"]
[EventDate "2021.10.23"]
[EventType "team-tourn"]
[EventRounds "11"]
[EventCountry "SRB"]
[SourceTitle "CBM 204 Extra"]
[Source "ChessBase"]
[SourceDate "2021.11.30"]
[SourceVersion "1"]
[SourceVersionDate "2021.11.30"]
[SourceQuality "1"]
[WhiteTeam "Backa Palanka"]
[BlackTeam "Rastina Polet"]
[WhiteTeamCountry "SRB"]
[BlackTeamCountry "SRB"]

1. d4 f5 2. e4 fxe4 3. Nc3 Nf6 4. Bg5 Nc6 5. d5 Ne5 6. Qd4 Nf7 7. Bxf6 exf6 8. Nxe4 f5 9. Ng3 g6 10. Nf3 Bh6 11. Be2 0-0 12. 0-0 Bg7 13. Qb4 Qf6 14. c3 Nd6 15. Rfe1 b6 16. Bd1 Bb7 17. Bb3 a5 18. Qf4 Rfe8 19. a4 h6 20. h4 Kh7 21. Rad1 Qf7 22. Ne5 Rxe5 23. Rxe5 Bxe5 24. Qxe5 Re8 25. Qf4 Kg7 26. Bc2 h5 27. Qg5 Kh7 28. Qd2 Qe7 29. Qf4 Qe5 30. Qxe5 Rxe5 31. Bb3 f4 32. Nf1 Re2 33. Nd2 Ba6 34. c4 Ne4 35. Nxe4 Rxe4 36. Rd3 Kg7 37. Rc3 d6 38. Kf1 Kf6 39. f3 Rd4 40. Ke1 g5 41. hxg5+ Kxg5 42. Ba2 Kh4 43. b3 Kg3 44. Rc2 h4 45. Re2 Rxd5 46. Re7 Re5+ 0-1

[Event "Vojvodina-chT 21st"]
[Site "Backa Palanka"]
[Date "2021.10.25"]
[Round "4.4"]
[White "Milanovic, Marko"]
[Black "Sljukic, Miodrag"]
[Result "1-0"]
[WhiteElo "2321"]
[BlackElo "2174"]
[PlyCount "63"]
[EventDate "2021.10.23"]
[EventType "team-tourn"]
[EventRounds "11"]
[EventCountry "SRB"]
[SourceTitle "CBM 204 Extra"]
[Source "ChessBase"]
[SourceDate "2021.11.30"]
[SourceVersion "1"]
[SourceVersionDate "2021.11.30"]
[SourceQuality "1"]
[WhiteTeam "Krajisnik Krajina"]
[BlackTeam "Rastina Polet"]
[WhiteTeamCountry "SRB"]
[BlackTeamCountry "SRB"]

1. e4 c6 2. Nf3 d5 3. Nc3 Bg4 4. h3 Bxf3 5. Qxf3 e6 6. d3 Bd6 7. Bd2 Nd7 8. g4 Ne7 9. 0-0-0 0-0 10. h4 d4 11. Ne2 c5 12. h5 b5 13. g5 Qb6 14. Qh3 Rfc8 15. g6 Nf8 16. h6 fxg6 17. hxg7 Kxg7 18. Bh6+ Kf7 19. Bxf8 Rxf8 20. Qxh7+ Ke8 21. Bh3 Be5 22. Qh4 Qd6 23. Rhf1 Bf4+ 24. Kb1 Kd7 25. Rde1 Bd2 26. Rd1 Bf4 27. Bxe6+ Kxe6 28. Qg4+ Ke5 29. Nxf4 Rxf4 30. Qg5+ Ke6 31. e5 Qxe5 32. Rde1 1-0

[Event "Vojvodina-chT 21st"]
[Site "Backa Palanka"]
[Date "2021.10.23"]
[Round "1.5"]
[White "Pajcin, Lav"]
[Black "Sljukic, Miodrag"]
[Result "1-0"]
[WhiteElo "1947"]
[BlackElo "2174"]
[PlyCount "81"]
[EventDate "2021.10.23"]
[EventType "team-tourn"]
[EventRounds "11"]
[EventCountry "SRB"]
[SourceTitle "CBM 204 Extra"]
[Source "ChessBase"]
[SourceDate "2021.11.30"]
[SourceVersion "1"]
[SourceVersionDate "2021.11.30"]
[SourceQuality "1"]
[WhiteTeam "Petrovaradin Kraljica"]
[BlackTeam "Rastina Polet"]
[WhiteTeamCountry "SRB"]
[BlackTeamCountry "SRB"]

1. e4 c6 2. d4 d5 3. exd5 cxd5 4. Bd3 Nc6 5. c3 Qc7 6. Nf3 Bg4 7. Nbd2 e6 8. 0-0 Bd6 9. h3 Bh5 10. Re1 Nf6 11. Nf1 Bg6 12. Bxg6 hxg6 13. Ng5 b5 14. Ne3 Bh2+ 15. Kf1 Bf4 16. Nf3 0-0 17. g3 Bd6 18. Ng5 b4 19. c4 dxc4 20. Nxc4 Rad8 21. Be3 Na5 22. Nxd6 Qxd6 23. Rc1 Nc6 24. d5 exd5 25. Bc5 Qd7 26. Bxf8 Rxf8 27. Qa4 Qf5 28. Rxc6 Qxg5 29. Qxb4 Ne4 30. Qd4 Qf5 31. Kg2 Rb8 32. Re2 a5 33. f3 Nf6 34. g4 Qb1 35. b3 g5 36. Qa7 Rf8 37. Qc5 Rd8 38. Rc8 Rxc8 39. Qxc8+ Kh7 40. Qc2+ Qxc2 41. Rxc2 1-0

[Event "SRB-ch sf"]
[Site "Novi Banovci"]
[Date "2020.02.29"]
[Round "8"]
[White "Sljukic, Miodrag"]
[Black "Petrusic, Velimir"]
[Result "1-0"]
[WhiteElo "2206"]
[BlackElo "2096"]
[PlyCount "69"]
[EventDate "2020.02.24"]
[EventType "swiss"]
[EventRounds "9"]
[EventCountry "SRB"]
[SourceTitle "EXT 2021"]
[Source "ChessBase"]
[SourceDate "2020.10.23"]
[SourceVersion "1"]
[SourceVersionDate "2020.10.23"]
[SourceQuality "1"]

1. e4 e6 2. d4 d5 3. Nc3 Nf6 4. e5 Nfd7 5. f4 c5 6. Nf3 Be7 7. Be3 Nc6 8. Qd2 0-0 9. dxc5 Nxc5 10. 0-0-0 a6 11. Nd4 Nxd4 12. Bxd4 b5 13. Bd3 b4 14. Ne2 Qc7 15. g4 b3 16. Kb1 bxa2+ 17. Kxa2 f6 18. Qc3 Rb8 19. exf6 gxf6 20. g5 e5 21. Bxc5 Bxc5 22. gxf6 Rxf6 23. fxe5 Rf7 24. Nd4 Qb6 25. Nb3 Be3 26. Rdf1 Be6 27. Qa5 Qb7 28. Rxf7 Bxf7 29. e6 Bxe6 30. Qe1 d4 31. Qg3+ Kf7 32. Rf1+ Ke8 33. Qe5 Kd7 34. Bf5 Bxf5 35. Nc5+ 1-0

[Event "SRB-ch sf"]
[Site "Novi Banovci"]
[Date "2020.02.26"]
[Round "4"]
[White "Zajic, Milan"]
[Black "Sljukic, Miodrag"]
[Result "1-0"]
[WhiteElo "2491"]
[BlackElo "2206"]
[PlyCount "57"]
[EventDate "2020.02.24"]
[EventType "swiss"]
[EventRounds "9"]
[EventCountry "SRB"]
[SourceTitle "CBM 195 Extra"]
[Source "ChessBase"]
[SourceDate "2020.05.31"]
[SourceVersion "1"]
[SourceVersionDate "2020.05.31"]
[SourceQuality "1"]

1. e4 c6 2. Nc3 d5 3. Nf3 Bg4 4. h3 Bxf3 5. Qxf3 e6 6. d3 Nd7 7. Bd2 g6 8. g4 Bg7 9. Bg2 Ne7 10. Qg3 Qb6 11. Rb1 d4 12. Ne2 f5 13. exf5 exf5 14. 0-0 0-0 15. Qd6 Qd8 16. Nxd4 Be5 17. Qe6+ Kh8 18. Nf3 Bf6 19. Ng5 Kg7 20. Qc4 Bxg5 21. Bxg5 h6 22. Bd2 Nb6 23. Qf4 g5 24. Qe5+ Kh7 25. gxf5 Nxf5 26. Be4 Qd7 27. Rbe1 Nd5 28. c4 Nc7 29. Qe7+ 1-0

[Event "SRB-ch sf"]
[Site "Novi Banovci"]
[Date "2020.02.25"]
[Round "3"]
[White "Masic, Predrag"]
[Black "Sljukic, Miodrag"]
[Result "1/2-1/2"]
[WhiteElo "2286"]
[BlackElo "2206"]
[PlyCount "86"]
[EventDate "2020.02.24"]
[EventType "swiss"]
[EventRounds "9"]
[EventCountry "SRB"]
[SourceTitle "CBM 195 Extra"]
[Source "ChessBase"]
[SourceDate "2020.05.31"]
[SourceVersion "1"]
[SourceVersionDate "2020.05.31"]
[SourceQuality "1"]

1. e4 c6 2. d4 d5 3. exd5 cxd5 4. Bd3 Nc6 5. c3 Qc7 6. Nf3 Bg4 7. Nbd2 e6 8. Nf1 Bh5 9. Ng3 Bg6 10. 0-0 Bd6 11. Re1 Nf6 12. Bg5 Be7 13. Qd2 0-0 14. Bf4 Bd6 15. Bxd6 Qxd6 16. Ne5 Rab8 17. f4 Ne7 18. a4 Bxd3 19. Qxd3 g6 20. Re2 Nf5 21. Rae1 Qc7 22. Qf3 Nd6 23. Ng4 Nxg4 24. Qxg4 f5 25. Qh3 Ne4 26. Nxe4 dxe4 27. Qe3 Rfd8 28. Ra1 b6 29. g3 Qc4 30. Ra3 Rbc8 31. Rd2 Rd5 32. Qe2 Qc6 33. Rd1 h5 34. h4 Rd7 35. Rda1 Qd5 36. Kf2 Rc4 37. Kg1 Qc6 38. Kf2 Rd5 39. Ke3 Ra5 40. Qd1 Rd5 41. Qd2 Kg7 42. R1a2 Kh6 43. Ra1 Ra5 1/2-1/2

[Event "Vojvodina-chT"]
[Site "Kovacica"]
[Date "2019.11.02"]
[Round "2.4"]
[White "Sljukic, Miodrag"]
[Black "Kosanovic, Dragan"]
[Result "1/2-1/2"]
[WhiteElo "2188"]
[BlackElo "2280"]
[PlyCount "25"]
[EventDate "2019.11.01"]
[EventType "team-tourn"]
[EventRounds "11"]
[EventCountry "SRB"]
[SourceTitle "CBM 192 Extra"]
[Source "Chessbase"]
[SourceDate "2019.11.06"]
[SourceVersion "1"]
[SourceVersionDate "2019.11.06"]
[SourceQuality "1"]
[WhiteTeam "Rastina Polet"]
[BlackTeam "Cosic Opovo Bata"]
[WhiteTeamCountry "SRB"]
[BlackTeamCountry "SRB"]

1. d4 d6 2. Bf4 g6 3. e3 Bg7 4. Nf3 Nd7 5. h3 e5 6. Bh2 Ne7 7. Be2 0-0 8. 0-0 h6 9. c4 f5 10. Nc3 Kh8 11. Qc2 g5 12. dxe5 dxe5 13. Rad1 1/2-1/2

[Event "Vojvodina-chT 2nd League"]
[Site "Novi Sad"]
[Date "2018.11.13"]
[Round "6.4"]
[White "Popov, Sinisa S"]
[Black "Sljukic, Miodrag"]
[Result "1/2-1/2"]
[WhiteElo "2432"]
[BlackElo "2206"]
[PlyCount "65"]
[EventDate "2018.11.09"]
[EventType "team-tourn"]
[EventRounds "11"]
[EventCountry "SRB"]
[SourceTitle "CBM 187 Extra"]
[Source "ChessBase"]
[SourceDate "2018.11.04"]
[SourceVersion "1"]
[SourceVersionDate "2018.11.04"]
[SourceQuality "1"]
[WhiteTeam "Elemir Naftagas"]
[BlackTeam "Rastina Polet"]
[WhiteTeamCountry "SRB"]
[BlackTeamCountry "SRB"]

1. d4 f5 2. g3 e6 3. Bg2 d5 4. c4 c6 5. Nh3 Nf6 6. 0-0 Bd6 7. Bf4 Be7 8. Qc2 0-0 9. Nc3 Na6 10. a3 Bd7 11. Rad1 Be8 12. Ng5 Qc8 13. Nf3 Bh5 14. Ne5 Nd7 15. Qb3 Nxe5 16. Bxe5 Nc7 17. Rc1 Bg5 18. f4 Bf6 19. cxd5 exd5 20. e4 fxe4 21. Nxe4 Ne6 22. Nd6 Nxd4 23. Bxd5+ Kh8 24. Nxc8 Nxb3 25. Bxb3 Raxc8 26. Rce1 Bf7 27. Bxf6 Bxb3 28. Be7 Rfe8 29. Re5 Kg8 30. Rfe1 Kf7 31. Rf5+ Kg6 32. Re3 Bd5 33. Kf2 1/2-1/2

[Event "Sombor Milicevic Memorial"]
[Site "Sombor"]
[Date "2018.10.24"]
[Round "5"]
[White "Novakovic, Aleksandar"]
[Black "Sljukic, Miodrag"]
[Result "0-1"]
[WhiteElo "2000"]
[BlackElo "2206"]
[PlyCount "68"]
[EventDate "2018.10.15"]
[EventType "swiss"]
[EventRounds "9"]
[EventCountry "SRB"]
[SourceTitle "EXT 2021"]
[Source "ChessBase"]
[SourceDate "2020.10.23"]
[SourceVersion "1"]
[SourceVersionDate "2020.10.23"]
[SourceQuality "1"]

1. e4 e5 2. Nf3 Nc6 3. Bc4 Bc5 4. c3 Nf6 5. d3 d6 6. 0-0 h6 7. Nbd2 a6 8. Re1 0-0 9. Nf1 b5 10. Bb3 Ba7 11. Ne3 Be6 12. Qe2 Ne7 13. Bc2 c5 14. Rd1 Qc7 15. Nh4 d5 16. exd5 Nfxd5 17. Nxd5 Bxd5 18. Re1 Rae8 19. a4 b4 20. Bd2 Nc6 21. Qg4 Be6 22. Nf5 Bxf5 23. Qxf5 Qc8 24. Qh5 Qe6 25. d4 cxd4 26. Bf5 Qf6 27. Bd7 bxc3 28. bxc3 dxc3 29. Be3 Re7 30. Bxc6 Bxe3 31. Rxe3 Qxc6 32. Rxe5 Rxe5 33. Qxe5 c2 34. Qf4 Rd8 0-1

[Event "Sombor Milicevic Memorial"]
[Site "Sombor"]
[Date "2018.10.22"]
[Round "4"]
[White "Sljukic, Miodrag"]
[Black "Babic, Damir M"]
[Result "1-0"]
[WhiteElo "2206"]
[BlackElo "2144"]
[PlyCount "77"]
[EventDate "2018.10.15"]
[EventType "swiss"]
[EventRounds "9"]
[EventCountry "SRB"]
[SourceTitle "EXT 2021"]
[Source "ChessBase"]
[SourceDate "2020.10.23"]
[SourceVersion "1"]
[SourceVersionDate "2020.10.23"]
[SourceQuality "1"]

1. e4 e5 2. Nf3 Nf6 3. Nxe5 d6 4. Nf3 Nxe4 5. Nc3 Nxc3 6. dxc3 Be7 7. Bf4 0-0 8. Qd2 Nd7 9. 0-0-0 Nb6 10. Bd3 Be6 11. h4 Qd7 12. Ng5 Bf5 13. g4 Bg6 14. Kb1 Rae8 15. f3 Bf6 16. h5 Bxd3 17. Qxd3 Bxg5 18. Bxg5 f6 19. Bc1 Re5 20. c4 Qc6 21. b3 d5 22. cxd5 Rxd5 23. Qf1 Rfd8 24. Rxd5 Nxd5 25. Bb2 b5 26. h6 g6 27. Qe2 Re8 28. Qd2 Qe6 29. g5 Kf7 30. Qd4 b4 31. Rd1 Rd8 32. Ka1 Qe2 33. gxf6 c5 34. Qg1 Qxc2 35. Rc1 Qf5 36. Qxc5 Nxf6 37. Qxb4 Rd7 38. Qc3 Qxf3 39. Qxf3 1-0

[Event "Senta op 22nd"]
[Site "Senta"]
[Date "2018.07.18"]
[Round "6"]
[White "Sljukic, Miodrag"]
[Black "Yordanov, Lachezar"]
[Result "0-1"]
[WhiteElo "2200"]
[BlackElo "2290"]
[PlyCount "82"]
[EventDate "2018.07.14"]
[EventType "swiss"]
[EventRounds "9"]
[EventCountry "SRB"]
[SourceTitle "CBM 185 Extra"]
[Source "ChessBase"]
[SourceDate "2018.07.29"]
[SourceVersion "1"]
[SourceVersionDate "2018.07.29"]
[SourceQuality "1"]

1. d4 Nf6 2. Nf3 e6 3. Bf4 d5 4. e3 Bd6 5. Bg3 0-0 6. Nbd2 c5 7. c3 Nc6 8. Bd3 Re8 9. Ne5 Qc7 10. f4 Ne7 11. 0-0 Nf5 12. Bf2 Bf8 13. Qb1 c4 14. Bc2 b5 15. e4 Nd6 16. exd5 exd5 17. Bh4 Nfe4 18. Nxe4 Nxe4 19. Qd1 f6 20. Ng4 Qf7 21. Nf2 Bf5 22. Nxe4 Bxe4 23. Bxe4 Rxe4 24. Qf3 Bd6 25. Bg3 Rae8 26. Rfe1 f5 27. Rxe4 fxe4 28. Qe3 Rf8 29. Rf1 Qf5 30. Rf2 Qg4 31. h3 Qd1+ 32. Kh2 Qd3 33. Qe1 e3 34. Rf3 Re8 35. h4 b4 36. Kh3 bxc3 37. Qxc3 Qf5+ 38. Kh2 e2 39. Qd2 Qe4 40. Be1 Rf8 41. Bg3 Bxf4 0-1

[Event "Sombor Milicevic Memorial"]
[Site "Sombor"]
[Date "2017.12.01"]
[Round "9"]
[White "Vlaisavljevic, Ilija"]
[Black "Sljukic, Miodrag"]
[Result "0-1"]
[WhiteElo "1906"]
[BlackElo "2199"]
[PlyCount "76"]
[EventDate "2017.11.13"]
[EventType "swiss"]
[EventRounds "9"]
[EventCountry "SRB"]
[SourceTitle "EXT 2019"]
[Source "ChessBase"]
[SourceDate "2018.10.10"]
[SourceVersion "1"]
[SourceVersionDate "2018.10.10"]
[SourceQuality "1"]

1. e4 c6 2. Bc4 d5 3. exd5 cxd5 4. Bb3 Nf6 5. d4 Nc6 6. c3 Bf5 7. Bc2 Bxc2 8. Qxc2 Qc7 9. Nf3 e6 10. 0-0 Bd6 11. h3 0-0 12. Be3 Rfc8 13. Nbd2 Na5 14. Rac1 b5 15. Qb1 Nc4 16. Bg5 Nd7 17. Rfe1 h6 18. Be3 a5 19. a3 Rab8 20. Nf1 Qb7 21. Bd2 Nf6 22. Re2 Ne4 23. Be1 Rc6 24. Rd1 b4 25. axb4 axb4 26. cxb4 Bxb4 27. Ne5 Nxe5 28. dxe5 Bxe1 29. Rexe1 Qxb2 30. Qxb2 Rxb2 31. f3 Nc3 32. Ra1 Ne2+ 33. Kh1 Nf4 34. Ne3 d4 35. Nd1 Rd2 36. Re4 g5 37. h4 Rcc2 38. hxg5 hxg5 0-1

[Event "Sombor Milicevic Memorial"]
[Site "Sombor"]
[Date "2017.11.22"]
[Round "5"]
[White "Sljukic, Miodrag"]
[Black "Rutesic, Vuk"]
[Result "1/2-1/2"]
[WhiteElo "2199"]
[BlackElo "2122"]
[PlyCount "28"]
[EventDate "2017.11.13"]
[EventType "swiss"]
[EventRounds "9"]
[EventCountry "SRB"]
[SourceTitle "EXT 2019"]
[Source "ChessBase"]
[SourceDate "2018.10.10"]
[SourceVersion "1"]
[SourceVersionDate "2018.10.10"]
[SourceQuality "1"]

1. e4 e6 2. d4 d5 3. Nc3 Nf6 4. e5 Nfd7 5. f4 c5 6. Nf3 Nc6 7. Be3 a6 8. Qd2 b5 9. dxc5 Bxc5 10. Bxc5 Nxc5 11. Nd4 Qb6 12. 0-0-0 b4 13. Nce2 Ne4 14. Qe1 Bd7 1/2-1/2

[Event "Vojvodina-chT"]
[Site "Sremska Mitrovica"]
[Date "2006.09.25"]
[Round "5"]
[White "Sente, Damir"]
[Black "Sljukic, Miodrag"]
[Result "1-0"]
[WhiteElo "2032"]
[BlackElo "2172"]
[PlyCount "127"]
[EventDate "2006.09.22"]
[EventType "team-tourn"]
[EventRounds "9"]
[EventCountry "YUG"]
[SourceTitle "CBM 114 Extra"]
[Source "ChessBase"]
[SourceDate "2006.11.03"]
[SourceVersion "1"]
[SourceVersionDate "2006.11.03"]
[SourceQuality "1"]

1. d4 f5 2. Nc3 g6 3. e4 fxe4 4. Nxe4 Bg7 5. Nf3 d5 6. Ng3 Nh6 7. h3 Nf7 8. Be3 0-0 9. Qd2 c5 10. c3 c4 11. Be2 Nc6 12. 0-0 Nd6 13. Bh6 Bf5 14. Bxg7 Kxg7 15. Nxf5+ Nxf5 16. Ng5 Qd6 17. Bg4 Rae8 18. Bxf5 Rxf5 19. Nf3 e6 20. Rae1 b5 21. Nh4 Rf4 22. g3 Rf6 23. f4 a5 24. a3 b4 25. axb4 axb4 26. Ra1 g5 27. Ng2 Ref8 28. fxg5 Rxf1+ 29. Rxf1 Rxf1+ 30. Kxf1 Qxg3 31. Qf4 Qxf4+ 32. Nxf4 Kf7 33. Kf2 b3 34. h4 Ne7 35. h5 Nf5 36. Kf3 Nd6 37. g6+ hxg6 38. hxg6+ Kf6 39. g7 Kxg7 40. Nxe6+ Kf6 41. Nf4 Kf5 42. Nxd5 Ke6 43. Ne3 Kf6 44. Kf4 Ke6 45. d5+ Kf6 46. Ng4+ Ke7 47. Ke5 Nb5 48. Ne3 Nxc3 49. Nxc4 Nd1 50. Kd4 Kd7 51. Kc5 Nf2 52. Kb4 Ne4 53. Kxb3 Nf6 54. Ne3 Kd6 55. Kc4 Nd7 56. b4 Ne5+ 57. Kb5 Nd7 58. Nc4+ Kc7 59. d6+ Kb7 60. Na5+ Kc8 61. Kc6 Nb8+ 62. Kd5 Kd7 63. b5 Kd8 64. Nc6+ 1-0

[Event "SCG-chT Vojvodina"]
[Site "Sombor"]
[Date "2004.10.01"]
[Round "9.5"]
[White "Stajic, Petar"]
[Black "Sljukic, Miodrag"]
[Result "0-1"]
[WhiteElo "2210"]
[BlackElo "2173"]
[PlyCount "50"]
[EventDate "2004.09.25"]
[EventType "team-tourn"]
[EventRounds "11"]
[EventCountry "YUG"]
[SourceTitle "CBM 102 Extra"]
[Source "ChessBase"]
[SourceDate "2004.11.03"]
[SourceVersion "1"]
[SourceVersionDate "2004.11.03"]
[SourceQuality "1"]
[WhiteTeam "05"]
[BlackTeam "07"]
[WhiteTeamCountry "YUG"]
[BlackTeamCountry "YUG"]

1. Nf3 f5 2. d4 Nf6 3. g3 e6 4. Bg2 d5 5. 0-0 c6 6. b3 Bd6 7. Ba3 0-0 8. Bxd6 Qxd6 9. c4 Bd7 10. Qc2 Ne4 11. c5 Qe7 12. Ne5 Be8 13. f3 Nf6 14. Nc3 Nbd7 15. Nxd7 Nxd7 16. f4 g5 17. Qd3 Kh8 18. Qe3 Rg8 19. b4 a6 20. a4 Bf7 21. b5 gxf4 22. gxf4 Rg6 23. Kh1 Rag8 24. Bf3 Qh4 25. Rab1 Qxh2+ 0-1

[Event "SCG-chT Vojvodina"]
[Site "Sombor"]
[Date "2004.09.29"]
[Round "7.6"]
[White "Sljukic, Miodrag"]
[Black "Saric, Sinisa"]
[Result "0-1"]
[WhiteElo "2173"]
[BlackElo "2307"]
[PlyCount "76"]
[EventDate "2004.09.25"]
[EventType "team-tourn"]
[EventRounds "11"]
[EventCountry "YUG"]
[SourceTitle "CBM 102 Extra"]
[Source "ChessBase"]
[SourceDate "2004.11.03"]
[SourceVersion "1"]
[SourceVersionDate "2004.11.03"]
[SourceQuality "1"]
[WhiteTeam "07"]
[BlackTeam "02"]
[WhiteTeamCountry "YUG"]
[BlackTeamCountry "YUG"]

1. e4 d5 2. exd5 Qxd5 3. Nc3 Qa5 4. d4 Nf6 5. Bc4 c6 6. Nf3 Bf5 7. Ne5 e6 8. g4 Bg6 9. h4 Nbd7 10. Nxd7 Nxd7 11. h5 Be4 12. Rh3 Bd5 13. Bd3 0-0-0 14. Bd2 Qc7 15. Qe2 Bd6 16. Nxd5 exd5 17. 0-0-0 Kb8 18. Kb1 h6 19. Re1 Nf6 20. Bf5 Rhe8 21. Re3 a6 22. Qf3 Rxe3 23. Rxe3 Bf4 24. Ba5 Qxa5 25. Qxf4+ Ka7 26. Re7 Re8 27. Qe3 Rxe7 28. Qxe7 Ne4 29. c3 Nxf2 30. Bc8 Qb5 31. a4 Qb3 32. Qc5+ Qb6 33. Qa3 g6 34. hxg6 fxg6 35. Kc2 Qd8 36. Qc5+ Kb8 37. Be6 Ne4 38. Qb4 Qe8 0-1

[Event "YUG-chT2"]
[Site "Yugoslavia"]
[Date "1994.??.??"]
[Round "8"]
[White "Savanovic, Aleksandar"]
[Black "Sljukic, Miodrag"]
[Result "1/2-1/2"]
[WhiteElo "2335"]
[BlackElo "2185"]
[PlyCount "40"]
[EventDate "1994.??.??"]
[EventType "team-tourn"]
[EventRounds "11"]
[EventCountry "YUG"]
[SourceTitle "EXT 1997"]
[Source "ChessBase"]
[SourceDate "1996.11.15"]
[SourceVersion "1"]
[SourceVersionDate "1996.11.15"]
[SourceQuality "1"]

1. e4 e5 2. Nf3 Nc6 3. Bb5 a6 4. Ba4 Nf6 5. 0-0 Nxe4 6. d4 b5 7. Bb3 d5 8. dxe5 Be6 9. c3 Bc5 10. Nbd2 0-0 11. Bc2 Bf5 12. Nb3 Bg6 13. Nfd4 Bxd4 14. cxd4 a5 15. Be3 a4 16. Nd2 a3 17. Nxe4 axb2 18. Rb1 Bxe4 19. Rxb2 Ra3 20. Rxb5 Rxa2 1/2-1/2

[Event "YUG-Cup 36th"]
[Site "Becici"]
[Date "1993.05.23"]
[Round "6"]
[White "Sljukic, Miodrag"]
[Black "Batricevic, Jovo"]
[Result "1-0"]
[WhiteElo "2225"]
[BlackElo "2175"]
[PlyCount "80"]
[EventDate "1993.??.??"]
[EventType "team-tourn"]
[EventRounds "6"]
[EventCountry "YUG"]
[SourceTitle "EXT 2000"]
[Source "ChessBase"]
[SourceDate "1999.11.16"]
[SourceVersion "1"]
[SourceVersionDate "1999.11.16"]
[SourceQuality "1"]
[WhiteTeam "D Stanickov/Sombor"]
[BlackTeam "Cetinje"]
[WhiteTeamCountry "YUG"]
[BlackTeamCountry "YUG"]

1. e4 c5 2. Nf3 Nc6 3. d4 cxd4 4. Nxd4 Nf6 5. Nc3 e5 6. Ndb5 d6 7. Nd5 Nxd5 8. exd5 Nb8 9. c4 Be7 10. Bd3 0-0 11. 0-0 f5 12. f4 a6 13. Nc3 e4 14. Be2 Nd7 15. Be3 g5 16. b4 gxf4 17. Bd4 Bg5 18. c5 Qe7 19. Na4 b6 20. c6 f3 21. gxf3 exf3 22. Bxf3 Ne5 23. Nxb6 Rb8 24. Kh1 h6 25. a4 Kh7 26. b5 axb5 27. axb5 Bf4 28. Nxc8 Qh4 29. Ra2 Rbxc8 30. b6 Ra8 31. Rg2 Rg8 32. Bxe5 Bxe5 33. Qe2 Rxg2 34. Qxg2 Rg8 35. Qc2 Qh3 36. Qf2 Bxh2 37. Bg2 Qh5 38. Qxf5+ Qxf5 39. Rxf5 Be5 40. c7 Ra8 1-0